000
00294nam a22001337a 4500
008
170331b xxu||||| |||| 00| 0 eng d
020
_a
9781932328363
041
_a
eng
080
_2
6 ED
_a
616-053.2
100
_a
8
101
_a
SHM
245
_a
PERINTAL CARE
_c
LOCKWOD.CH.J
942
_2
udc
_c
BK
999
_c
9189
_d
9189